[Event "Women's Speed Chess Main"]
[Site "chess.com INT"]
[Date "2021.07.02"]
[Round "3.24"]
[White "Hou, Yifan"]
[Black "Lei, Tingjie"]
[Result "1-0"]
[WhiteTitle "GM"]
[BlackTitle "GM"]
[WhiteElo "2658"]
[BlackElo "2505"]
[WhiteFideId "8602980"]
[BlackFideId "8605114"]
[EventDate "2021.06.12"]

1. e4 e5 2. Nf3 Nc6 3. Bb5 Nf6 4. d3 Bc5 5. c3 O-O 6. O-O d5 7. Qe2 dxe4 8. dxe4
a5 9. Bg5 h6 10. Bh4 Qe7 11. Nbd2 Nb8 12. Ba4 c6 13. Bc2 Nbd7 14. Nc4 Rd8 15. a4
b6 16. Rfd1 Ba6 17. Bd3 Bxc4 18. Bxc4 g5 19. Bg3 Nh5 20. Nd2 Nxg3 21. hxg3 Nf6
22. Nf1 Rxd1 23. Rxd1 Rd8 24. Re1 Kg7 25. Bb3 h5 26. Ne3 Bxe3 27. Qxe3 Ng4 28.
Qe2 Qc5 29. Rd1 Rxd1+ 30. Bxd1 Nf6 31. Qc2 Kg6 32. Be2 b5 33. axb5 cxb5 34. Qd3
b4 35. cxb4 Qxb4 36. Qc2 Kg7 37. Bc4 Qc5 38. Qd3 Qc6 39. f3 Qb6+ 40. Kh2 Qxb2
41. Qd6 Qd4 42. Qc7 Nd7 43. Bd5 Qa4 44. Bc6 Qc4 45. Qxd7 1-0

[Event "Women's Speed Chess Main"]
[Site "chess.com INT"]
[Date "2021.07.02"]
[Round "3.25"]
[White "Lei, Tingjie"]
[Black "Hou, Yifan"]
[Result "1-0"]
[WhiteTitle "GM"]
[BlackTitle "GM"]
[WhiteElo "2505"]
[BlackElo "2658"]
[WhiteFideId "8605114"]
[BlackFideId "8602980"]
[EventDate "2021.06.12"]

1. e4 e6 2. d4 d5 3. Nc3 Nf6 4. Bg5 Be7 5. e5 Nfd7 6. h4 h6 7. Bxe7 Qxe7 8. f4
a6 9. Nce2 c5 10. c3 Nc6 11. Nf3 b5 12. g4 h5 13. gxh5 Rxh5 14. Ng3 Rh8 15. Qd2
b4 16. cxb4 Nxb4 17. h5 a5 18. a3 Nc6 19. Bb5 Bb7 20. O-O-O c4 21. Kb1 Rb8 22.
f5 Ba8 23. a4 Na7 24. f6 gxf6 25. exf6 Qb4 26. Qxb4 axb4 27. Bxd7+ Kxd7 28. Ne5+
Ke8 29. h6 Rh7 30. Nh5 Rd8 31. Rdg1 Kf8 32. Rg7 Rxh6 33. Rxf7+ Kg8 34. Rg7+ Kf8
35. Rhg1 1-0

[Event "Women's Speed Chess Main"]
[Site "chess.com INT"]
[Date "2021.07.02"]
[Round "3.26"]
[White "Hou, Yifan"]
[Black "Lei, Tingjie"]
[Result "0-1"]
[WhiteTitle "GM"]
[BlackTitle "GM"]
[WhiteElo "2658"]
[BlackElo "2505"]
[WhiteFideId "8602980"]
[BlackFideId "8605114"]
[EventDate "2021.06.12"]

1. e4 e5 2. Nf3 Nc6 3. Bb5 Nf6 4. d3 Bc5 5. c3 O-O 6. O-O d5 7. Qe2 dxe4 8. dxe4
a5 9. Bg5 Qe7 10. Nbd2 h6 11. Bh4 Nb8 12. Ba4 c6 13. Bb3 a4 14. Bc2 Nbd7 15. b4
Bd6 16. Nc4 Bc7 17. Ne3 Re8 18. a3 Nf8 19. Rad1 Ng6 20. Bg3 Nf4 21. Bxf4 exf4
22. Nc4 b5 23. Ncd2 Bg4 24. h3 Bh5 25. Rfe1 Nd7 26. Nf1 Ne5 27. N1h2 Qf6 28. Bb1
Nxf3+ 29. Nxf3 Qxc3 30. Rd3 Qf6 31. Qc2 Bxf3 32. Rxf3 Be5 33. Rc1 Re6 34. Ba2
Rd6 35. Rd3 Rad8 36. Rcd1 Bd4 37. Kf1 Qe5 38. R3d2 f3 39. g3 Qh5 40. h4 Qg4 41.
Rd3 Qh3+ 42. Ke1 Bxf2+ 43. Qxf2 Rxd3 44. Rxd3 Rxd3 0-1

[Event "Women's Speed Chess Main"]
[Site "chess.com INT"]
[Date "2021.07.02"]
[Round "3.27"]
[White "Lei, Tingjie"]
[Black "Hou, Yifan"]
[Result "1-0"]
[WhiteTitle "GM"]
[BlackTitle "GM"]
[WhiteElo "2505"]
[BlackElo "2658"]
[WhiteFideId "8605114"]
[BlackFideId "8602980"]
[EventDate "2021.06.12"]

1. d4 Nf6 2. c4 e6 3. g3 d5 4. Bg2 Bb4+ 5. Bd2 Bd6 6. Nc3 O-O 7. cxd5 exd5 8.
Nxd5 Nxd5 9. Bxd5 Be5 10. Bxf7+ Rxf7 11. dxe5 Qd5 12. Nf3 Nc6 13. Bc3 Qe4 14.
O-O Bh3 15. Re1 Re8 16. Qb3 h6 17. Rad1 Be6 18. Qxb7 Rxf3 19. exf3 Qxf3 20. Qb5
Kh8 21. Rd3 Qf5 22. Qxc6 Rf8 23. Rd2 Qf7 24. f4 1-0

[Event "Women's Speed Chess Main"]
[Site "chess.com INT"]
[Date "2021.07.02"]
[Round "3.31"]
[White "Hou, Yifan"]
[Black "Lei, Tingjie"]
[Result "1-0"]
[WhiteTitle "GM"]
[BlackTitle "GM"]
[WhiteElo "2658"]
[BlackElo "2505"]
[WhiteFideId "8602980"]
[BlackFideId "8605114"]
[EventDate "2021.06.12"]

1. e4 e5 2. Nf3 Nc6 3. Bc4 Bc5 4. O-O Nf6 5. d3 d6 6. c3 a5 7. Bb3 O-O 8. h3 h6
9. Re1 Be6 10. Bxe6 fxe6 11. Be3 Bxe3 12. Rxe3 Qd7 13. Nbd2 Rf7 14. Re1 Raf8 15.
Qb3 Nh5 16. Rad1 Nf4 17. d4 exd4 18. cxd4 b6 19. a3 Qe7 20. Rc1 Qe8 21. Qe3 e5
22. d5 Nd8 23. Rc3 Re7 24. Kh2 Nb7 25. b4 axb4 26. axb4 Nd8 27. Rec1 Qf7 28. g3
Ng6 29. Kg2 Kh7 30. Qd3 Rd7 31. Qc2 c5 32. dxc6 Rc7 33. b5 Ne6 34. Nc4 Nd4 35.
Nxd4 exd4 36. Ra3 d5 37. Nd6 Qe6 38. e5 Qxe5 39. Nb7 Rcf7 40. Rf1 Qe7 41. Qd3
Kh8 42. Ra2 Ne5 43. Qxd4 Nf3 44. Qd1 Qc7 45. Re2 Ng5 46. Rd2 Qc8 47. g4 Qc7 48.
Rxd5 Qf4 49. Rf5 Qe4+ 50. f3 Qb4 51. Rxf7 Rxf7 52. Nd6 Rf8 53. c7 Ne6 54. c8=Q
Rxc8 55. Nxc8 Nf4+ 56. Kg3 Ne6 57. Qd6 1-0

[Event "Women's Speed Chess Main"]
[Site "chess.com INT"]
[Date "2021.07.02"]
[Round "3.32"]
[White "Lei, Tingjie"]
[Black "Hou, Yifan"]
[Result "1-0"]
[WhiteTitle "GM"]
[BlackTitle "GM"]
[WhiteElo "2505"]
[BlackElo "2658"]
[WhiteFideId "8605114"]
[BlackFideId "8602980"]
[EventDate "2021.06.12"]

1. d4 Nf6 2. c4 e6 3. g3 Bb4+ 4. Bd2 a5 5. Bg2 O-O 6. Nc3 d5 7. Nf3 Nbd7 8. O-O
b6 9. cxd5 exd5 10. Qc2 Bb7 11. Ne5 Re8 12. f4 Bxc3 13. Bxc3 Ne4 14. Rad1 f6 15.
Bxe4 Nf8 16. Bg2 fxe5 17. dxe5 c6 18. e4 Qe7 19. exd5 cxd5 20. f5 Qc5+ 21. Kh1
Rxe5 22. f6 gxf6 23. Rxf6 Rae8 24. Qb3 Re3 25. Bxd5+ Bxd5+ 26. Rxd5 Re1+ 27. Kg2
R8e2+ 28. Kh3 Rxh2+ 29. Kxh2 Qg1+ 30. Kh3 Qh1+ 31. Kg4 Re4+ 32. Rf4 Rxf4+ 33.
Kxf4 Qf1+ 34. Ke5 Ng6+ 35. Kd4 Qf2+ 36. Kc4 Qe2+ 37. Rd3 a4 38. Qb5 Qe4+ 39. Rd4
Qe2+ 40. Kb4 Qe7+ 41. Kxa4 1-0

[Event "Women's Speed Chess Main"]
[Site "chess.com INT"]
[Date "2021.07.02"]
[Round "3.33"]
[White "Hou, Yifan"]
[Black "Lei, Tingjie"]
[Result "1-0"]
[WhiteTitle "GM"]
[BlackTitle "GM"]
[WhiteElo "2658"]
[BlackElo "2505"]
[WhiteFideId "8602980"]
[BlackFideId "8605114"]
[EventDate "2021.06.12"]

1. e4 e5 2. Nf3 Nc6 3. Bc4 Bc5 4. O-O Nf6 5. d3 d6 6. c3 a5 7. h3 O-O 8. Re1 Be6
9. Bxe6 fxe6 10. Be3 Bxe3 11. Rxe3 Qd7 12. Nbd2 h6 13. d4 exd4 14. cxd4 Rf7 15.
Rc1 Raf8 16. a3 d5 17. e5 Nh5 18. Rec3 Nf4 19. Kh2 Rf5 20. b4 axb4 21. axb4 Nxb4
22. Rxc7 Qe8 23. R1c3 Qh5 24. Qf1 R5f7 25. g3 Nbd3 26. gxf4 Nxf4 27. Rxf7 Rxf7
28. Rc8+ Kh7 29. Qb1+ g6 30. Qf1 g5 31. Rc3 g4 32. Ng1 Kg7 33. Rg3 Kh7 34. Rxg4
Nxh3 35. Qxh3 Rxf2+ 36. Rg2 Rxg2+ 37. Kxg2 Qg5+ 38. Kh1 Qxd2 39. Qxe6 Qxd4 40.
Qf5+ Kg7 41. Qf6+ Kg8 42. Nf3 Qe4 43. Kg2 Qg4+ 44. Kf2 Qg7 45. Qe6+ Kf8 46. Qxd5
Qf7 47. Qd8+ Kg7 48. Qd6 Qa2+ 49. Kg3 Qc4 50. e6 1-0

[Event "Women's Speed Chess Main"]
[Site "chess.com INT"]
[Date "2021.07.02"]
[Round "3.34"]
[White "Lei, Tingjie"]
[Black "Hou, Yifan"]
[Result "1-0"]
[WhiteTitle "GM"]
[BlackTitle "GM"]
[WhiteElo "2505"]
[BlackElo "2658"]
[WhiteFideId "8605114"]
[BlackFideId "8602980"]
[EventDate "2021.06.12"]

1. d4 Nf6 2. c4 e6 3. g3 c5 4. d5 exd5 5. cxd5 d6 6. Nc3 g6 7. Bg2 Bg7 8. Nf3
O-O 9. O-O Re8 10. Bf4 Bf5 11. Nd2 Nh5 12. e4 Nxf4 13. gxf4 Bc8 14. Nc4 a6 15.
a4 b6 16. Re1 Ra7 17. e5 dxe5 18. fxe5 Nd7 19. f4 Bf8 20. Qf3 Rb7 21. Bf1 Rb8
22. Rad1 b5 23. axb5 axb5 24. Ne3 c4 25. Ne4 Bb7 26. Bh3 f5 27. exf6 Nxf6 28.
Be6+ Kg7 29. Ng5 Qb6 30. Qh3 Bc5 31. Kf1 Re7 32. Ng4 h5 33. Nxf6 Bd4 34. Nfe4
Rf8 35. Qf3 Be5 36. Nh3 Bxb2 37. Rb1 Bd4 38. Neg5 Qd6 39. Ke2 c3 40. Qe4 Bf6 41.
Rg1 Rfe8 42. Kd3 b4 43. Nf3 Ba6+ 44. Kc2 Rxe6 45. Qxg6+ Kf8 46. Qg8+ Ke7 47.
Qxe6+ Qxe6 48. dxe6 Rb8 49. Ne5 Bxe5 50. fxe5 Bc4 51. Rg7+ Kxe6 52. Ng5+ Kxe5
53. Rc7 Bd5 54. Re1+ Kd6 55. Ra7 Rg8 56. h4 Rf8 57. Ra6+ Kc5 58. Ra5+ 1-0

[Event "Women's Speed Chess Main"]
[Site "chess.com INT"]
[Date "2021.07.02"]
[Round "3.35"]
[White "Hou, Yifan"]
[Black "Lei, Tingjie"]
[Result "1-0"]
[WhiteTitle "GM"]
[BlackTitle "GM"]
[WhiteElo "2658"]
[BlackElo "2505"]
[WhiteFideId "8602980"]
[BlackFideId "8605114"]
[EventDate "2021.06.12"]

1. e4 e5 2. Nf3 Nc6 3. Bc4 Bc5 4. O-O Nf6 5. d3 d6 6. c3 a5 7. h3 h6 8. Re1 O-O
9. Nbd2 Be6 10. Bxe6 fxe6 11. Nf1 Qd7 12. Be3 Bxe3 13. Nxe3 Ne7 14. g3 Ng6 15.
Kg2 Rf7 16. Nh2 Raf8 17. Rf1 d5 18. Qc2 Qc6 19. Nhg4 Nh5 20. Rae1 Kh8 21. Kh2
Qd7 22. Rd1 c6 23. d4 exd4 24. cxd4 Rf3 25. e5 Ne7 26. Kg2 R3f7 27. Nh2 Nf5 28.
Nxf5 Rxf5 29. Qe2 Qf7 30. Rd3 Qg6 31. Kh1 Rxf2 32. Rxf2 Rxf2 33. Qxf2 Qxd3 34.
Kg2 Qe4+ 35. Nf3 Kg8 36. Qe1 Qc2+ 37. Qf2 Qd3 38. Qd2 Qb1 39. g4 Nf4+ 40. Qxf4
Qxb2+ 41. Qd2 Qb1 42. Kg3 a4 43. a3 b5 44. Qc3 Qa2 45. Qxc6 Qxa3 46. Qxe6+ Kh7
47. Qf5+ Kg8 48. e6 Qd6+ 49. Ne5 a3 50. Qf7+ Kh7 51. e7 a2 52. Qf5+ g6 53. Qf7+ 1-0

[Event "Women's Speed Chess Main"]
[Site "chess.com INT"]
[Date "2021.07.02"]
[Round "3.36"]
[White "Lei, Tingjie"]
[Black "Hou, Yifan"]
[Result "0-1"]
[WhiteTitle "GM"]
[BlackTitle "GM"]
[WhiteElo "2505"]
[BlackElo "2658"]
[WhiteFideId "8605114"]
[BlackFideId "8602980"]
[EventDate "2021.06.12"]

1. e4 c5 2. Nf3 d6 3. d4 cxd4 4. Nxd4 Nf6 5. Nc3 a6 6. h3 e6 7. Be3 b5 8. g4 Bb7
9. f3 b4 10. Nce2 Nc6 11. Bg2 Qc7 12. O-O Be7 13. Rc1 O-O 14. c4 Nd7 15. f4 Nc5
16. Ng3 Bh4 17. Bf2 Nxd4 18. Qxd4 e5 19. fxe5 Bxg3 20. Bxg3 dxe5 21. Bxe5 Qc6
22. Bxg7 Ne6 23. Qe5 Nxg7 24. Rf6 Qd7 25. Rd6 Qc7 26. c5 Rfe8 27. Qf4 Re6 28.
Rf1 Rae8 29. Qg5 Rxd6 30. cxd6 Qxd6 31. Rf6 Qd4+ 0-1

[Event "Women's Speed Chess Main"]
[Site "chess.com INT"]
[Date "2021.07.02"]
[Round "3.37"]
[White "Hou, Yifan"]
[Black "Lei, Tingjie"]
[Result "0-1"]
[WhiteTitle "GM"]
[BlackTitle "GM"]
[WhiteElo "2658"]
[BlackElo "2505"]
[WhiteFideId "8602980"]
[BlackFideId "8605114"]
[EventDate "2021.06.12"]

1. e4 e5 2. Nf3 Nc6 3. Bb5 Nf6 4. O-O Nxe4 5. d4 Nd6 6. Bxc6 dxc6 7. dxe5 Nf5 8.
Qxd8+ Kxd8 9. Nc3 Ke8 10. h3 h5 11. Rd1 Be7 12. Ne2 Nh4 13. Nxh4 Bxh4 14. Be3
Be7 15. Rd2 h4 16. Rad1 Rh5 17. Bd4 Rf5 18. b3 c5 19. Bb2 Be6 20. Nc3 a6 21. Nd5
Rc8 22. Nxe7 Kxe7 23. f3 Rg5 24. Kf2 Rh8 25. c4 Rh6 26. Re1 Rhg6 27. Kf1 Rg3 28.
Ree2 Bf5 29. e6 Rxe6 30. Be5 Rgg6 31. Bxc7 Rxe2 32. Rxe2+ Kd7 33. Be5 Bd3 0-1

[Event "Women's Speed Chess Main"]
[Site "chess.com INT"]
[Date "2021.07.03"]
[Round "4.11"]
[White "Hou, Yifan"]
[Black "Harika, Dronavalli"]
[Result "1/2-1/2"]
[WhiteTitle "GM"]
[BlackTitle "GM"]
[WhiteElo "2658"]
[BlackElo "2515"]
[WhiteFideId "8602980"]
[BlackFideId "5015197"]
[EventDate "2021.06.12"]

1. e4 e5 2. Nf3 Nc6 3. Bb5 Nge7 4. O-O g6 5. c3 a6 6. Ba4 Bg7 7. d4 exd4 8. cxd4
b5 9. d5 bxa4 10. dxc6 O-O 11. Qxa4 Nxc6 12. Nc3 h6 13. Bf4 Ne7 14. Rad1 d6 15.
e5 d5 16. Qa3 Bg4 17. Ne4 Bxf3 18. Nf6+ Bxf6 19. exf6 Nf5 20. Qxf3 Qxf6 21. Bxh6
Rfe8 22. g4 Qh4 23. Bf4 Re4 24. Rxd5 Rae8 25. Rfd1 Nd6 26. h3 Qh8 27. Bxd6 cxd6
28. Rxd6 Qxb2 29. Rd7 Qg7 30. Kg2 a5 31. Rd8 Kh7 32. Rxe8 Rxe8 33. Rd7 Kg8 34.
Ra7 Re5 35. Ra8+ Kh7 36. Ra7 Kg8 37. Qf4 Rd5 38. Qe4 Qe5 39. Qf3 Qe6 40. Ra8+
Kg7 41. Qc3+ Qe5 42. Qxe5+ Rxe5 43. Kf3 Rc5 44. a4 g5 45. Ke2 Kg6 46. Kd3 f6 47.
Kd4 Rc2 48. Rxa5 Rxf2 49. Ke4 Rh2 50. Rb5 Rxh3 51. a5 Ra3 52. Kd5 Ra4 53. Kc6
Rxg4 54. a6 Ra4 55. Kb7 g4 56. a7 g3 57. Rb3 Kg5 58. Rxg3+ Kf4 59. Rg6 Rxa7+ 60.
Kxa7 f5 61. Kb6 Ke4 62. Kc5 f4 63. Re6+ Kd3 64. Rd6+ Ke3 65. Re6+ Kd3 66. Rf6
Ke3 67. Kc4 f3 68. Re6+ Kd2 69. Rf6 Ke2 70. Re6+ Kd2 71. Rd6+ Ke2 72. Re6+ Kd2 1/2-1/2

[Event "Women's Speed Chess Main"]
[Site "chess.com INT"]
[Date "2021.07.03"]
[Round "4.12"]
[White "Harika, Dronavalli"]
[Black "Hou, Yifan"]
[Result "1/2-1/2"]
[WhiteTitle "GM"]
[BlackTitle "GM"]
[WhiteElo "2515"]
[BlackElo "2658"]
[WhiteFideId "5015197"]
[BlackFideId "8602980"]
[EventDate "2021.06.12"]

1. e4 c5 2. Nf3 d6 3. d4 cxd4 4. Nxd4 Nf6 5. Nc3 a6 6. h3 e6 7. g4 b5 8. g5 Nfd7
9. a3 Bb7 10. Be3 Nc6 11. h4 Be7 12. Qd2 Qc7 13. Rh3 Nce5 14. h5 Ng4 15. g6 Nxe3
16. Qxe3 Bf6 17. O-O-O Qc5 18. f4 hxg6 19. hxg6 Rxh3 20. Bxh3 Nf8 21. gxf7+ Kxf7
22. Kb1 Rc8 23. Qd3 Bxd4 24. Qxd4 Qxd4 25. Rxd4 Ke7 26. f5 Rc5 27. Rd3 g5 28.
Rg3 Kf6 29. fxe6 Nxe6 30. Bxe6 Kxe6 31. Kc1 a5 32. b4 axb4 33. axb4 Re5 34. Kd2
Bxe4 35. Nxe4 Rxe4 36. Rxg5 Rxb4 37. c3 Rb2+ 38. Kc1 Re2 39. Rxb5 Kd7 40. Rb2
Rxb2 41. Kxb2 Kc6 42. c4 Kc5 43. Kc3 d5 44. cxd5 Kxd5 1/2-1/2

[Event "Women's Speed Chess Main"]
[Site "chess.com INT"]
[Date "2021.07.03"]
[Round "4.13"]
[White "Hou, Yifan"]
[Black "Harika, Dronavalli"]
[Result "1/2-1/2"]
[WhiteTitle "GM"]
[BlackTitle "GM"]
[WhiteElo "2658"]
[BlackElo "2515"]
[WhiteFideId "8602980"]
[BlackFideId "5015197"]
[EventDate "2021.06.12"]

1. e4 e5 2. Nf3 Nc6 3. Bb5 Nge7 4. O-O a6 5. Ba4 g6 6. c3 Bg7 7. d4 exd4 8. cxd4
b5 9. d5 bxa4 10. dxc6 O-O 11. Qxa4 Nxc6 12. Nc3 h6 13. Bf4 Ne7 14. Rad1 d6 15.
e5 d5 16. Qa3 c6 17. Ne4 g5 18. Nfxg5 Ng6 19. Bc1 Nxe5 20. Nh3 Qh4 21. Nc5 Bxh3
22. Qxh3 Qxh3 23. gxh3 Rfe8 24. b3 Bf8 25. Nd3 Nxd3 26. Rxd3 Re6 27. Bf4 a5 28.
Kg2 a4 29. Kf3 Kh7 30. Bg3 axb3 31. axb3 Bg7 32. Rc1 Ra2 33. Kg2 Rb2 34. Rf3 Kg6
35. h4 Bd4 36. h5+ Kxh5 37. Rxf7 Rxb3 38. Rc7 Rb6 39. f4 Rb2+ 40. Kh3 Rb6 41. f5
Re4 42. R1xc6 Rxc6 43. Rxc6 Be5 44. Bxe5 Rxe5 45. f6 Kg6 46. Rd6 Rf5 47. Kg3
Rxf6 48. Rxd5 Rf5 49. Rxf5 Kxf5 50. Kf3 Kg5 51. Kg3 1/2-1/2

[Event "Women's Speed Chess Main"]
[Site "chess.com INT"]
[Date "2021.07.03"]
[Round "4.14"]
[White "Harika, Dronavalli"]
[Black "Hou, Yifan"]
[Result "1/2-1/2"]
[WhiteTitle "GM"]
[BlackTitle "GM"]
[WhiteElo "2515"]
[BlackElo "2658"]
[WhiteFideId "5015197"]
[BlackFideId "8602980"]
[EventDate "2021.06.12"]

1. e4 c5 2. Nf3 d6 3. Bb5+ Bd7 4. Bxd7+ Qxd7 5. c4 e5 6. O-O Nc6 7. Nc3 g6 8. d3
Bg7 9. Nd5 h6 10. Ne1 Nge7 11. Nc2 Nxd5 12. cxd5 Ne7 13. b4 O-O 14. Rb1 cxb4 15.
Rxb4 f5 16. f3 g5 17. Na3 Ng6 18. Be3 Rf7 19. Qa4 Qe7 20. Rfb1 Nf4 21. Qb3 b6
22. Rc4 Raf8 23. Bxf4 exf4 24. Nb5 fxe4 25. dxe4 a6 26. Nd4 b5 27. Nc6 Qd7 28.
Rc2 h5 29. a4 g4 30. axb5 axb5 31. Rf1 Qb7 32. Kh1 Qb6 33. Qb4 Rd7 34. Qb3 Ra8
35. Qd3 Rf7 36. Qe2 Ra3 37. fxg4 Re3 38. Qd1 f3 39. gxh5 Rxe4 40. Rcf2 fxg2+ 41.
Kxg2 Rxf2+ 42. Rxf2 Qe3 43. Qf3 Qg5+ 44. Kh1 Re1+ 45. Rf1 Rxf1+ 46. Qxf1 Qxd5+
47. Qg2 Qd1+ 48. Qg1 Qf3+ 49. Qg2 Qd1+ 50. Qg1 Qxg1+ 51. Kxg1 Bc3 52. Kf1 b4 53.
Ke2 b3 54. Kd3 b2 55. Kc2 Kf7 56. h3 Ke6 57. h6 Kf7 58. Nd8+ Kg6 59. Nb7 d5 60.
Nc5 Kxh6 61. Nd3 Kg5 62. Nxb2 Bxb2 63. Kxb2 Kf4 64. Kc2 Ke3 65. Kd1 Kf3 66. Kd2
Kg3 67. Kd3 Kxh3 68. Kd4 Kg4 69. Kxd5 1/2-1/2

[Event "Women's Speed Chess Main"]
[Site "chess.com INT"]
[Date "2021.07.03"]
[Round "4.15"]
[White "Hou, Yifan"]
[Black "Harika, Dronavalli"]
[Result "0-1"]
[WhiteTitle "GM"]
[BlackTitle "GM"]
[WhiteElo "2658"]
[BlackElo "2515"]
[WhiteFideId "8602980"]
[BlackFideId "5015197"]
[EventDate "2021.06.12"]

1. e4 e5 2. Nf3 Nc6 3. Bb5 Nge7 4. O-O g6 5. c3 a6 6. Ba4 Bg7 7. d4 exd4 8. cxd4
b5 9. d5 bxa4 10. dxc6 O-O 11. Qxa4 Nxc6 12. Bg5 Qe8 13. Nc3 Ne5 14. Nd5 Nxf3+
15. gxf3 Qe5 16. Bf4 Qh5 17. Qb3 Ra7 18. Ne7+ Kh8 19. Nxc8 Rxc8 20. Rfd1 d6 21.
Rd5 Qh3 22. Rc1 Raa8 23. Bg3 Rab8 24. Qc4 h5 25. b3 h4 26. Bf4 Qxf3 27. Be3 Re8
28. e5 h3 29. Qh4+ Kg8 30. Qg3 Qxd5 0-1

[Event "Women's Speed Chess Main"]
[Site "chess.com INT"]
[Date "2021.07.03"]
[Round "4.16"]
[White "Harika, Dronavalli"]
[Black "Hou, Yifan"]
[Result "1-0"]
[WhiteTitle "GM"]
[BlackTitle "GM"]
[WhiteElo "2515"]
[BlackElo "2658"]
[WhiteFideId "5015197"]
[BlackFideId "8602980"]
[EventDate "2021.06.12"]

1. e4 c5 2. Nf3 a6 3. c3 e6 4. d4 d5 5. exd5 exd5 6. Bd3 Nf6 7. O-O Be7 8. dxc5
Bxc5 9. Nbd2 O-O 10. Nb3 Bb6 11. h3 Nc6 12. Nbd4 Nxd4 13. Nxd4 Qd6 14. Nf5 Qe5
15. Be3 Bc7 16. f4 Qe6 17. Bd4 Ne4 18. Bxe4 dxe4 19. Nxg7 Qg6 20. f5 Qg3 21. Nh5
Qh2+ 22. Kf2 e3+ 23. Kxe3 Re8+ 24. Kd3 Kf8 25. Qg4 Be5 26. Rae1 Bxd4 27. cxd4
Rxe1 28. Qg7+ Ke7 29. Rxe1+ Kd6 30. Qf6+ Kc7 31. g3 Bd7 32. Qe5+ Kd8 33. Qh8+
Kc7 34. Rc1+ Kb6 35. Qe5 Bb5+ 36. Ke3 1-0

[Event "Women's Speed Chess Main"]
[Site "chess.com INT"]
[Date "2021.07.03"]
[Round "4.17"]
[White "Hou, Yifan"]
[Black "Harika, Dronavalli"]
[Result "1-0"]
[WhiteTitle "GM"]
[BlackTitle "GM"]
[WhiteElo "2658"]
[BlackElo "2515"]
[WhiteFideId "8602980"]
[BlackFideId "5015197"]
[EventDate "2021.06.12"]

1. e4 e5 2. Nf3 Nc6 3. Bc4 Nf6 4. d3 h6 5. O-O d6 6. Re1 g5 7. c3 Bg7 8. d4 Qe7
9. Nbd2 Bg4 10. Bb5 Bd7 11. a4 a6 12. Bd3 g4 13. Nh4 Nxe4 14. Nxe4 Qxh4 15. Ng3
Qe7 16. Nf5 Bxf5 17. Bxf5 h5 18. d5 Nd8 19. Qd3 Bh6 20. Bxh6 Rxh6 21. c4 b6 22.
a5 Rb8 23. axb6 Rxb6 24. Qc3 Kf8 25. c5 Rb5 26. b4 Qg5 27. Bd3 Rb8 28. Rxa6 Rf6
29. cxd6 cxd6 30. Ra2 Kg7 31. Qc7 Rxb4 32. Qxd8 h4 33. Ra8 1-0

[Event "Women's Speed Chess Main"]
[Site "chess.com INT"]
[Date "2021.07.03"]
[Round "4.18"]
[White "Harika, Dronavalli"]
[Black "Hou, Yifan"]
[Result "1/2-1/2"]
[WhiteTitle "GM"]
[BlackTitle "GM"]
[WhiteElo "2515"]
[BlackElo "2658"]
[WhiteFideId "5015197"]
[BlackFideId "8602980"]
[EventDate "2021.06.12"]

1. e4 c5 2. Nf3 e6 3. g3 Nc6 4. Bg2 Nf6 5. Qe2 e5 6. O-O Be7 7. c3 d6 8. h3 O-O
9. Rd1 Re8 10. Na3 Bf8 11. d3 h6 12. Nc4 b5 13. Ne3 Rb8 14. a4 b4 15. Nc4 Ba6
16. Nfd2 bxc3 17. bxc3 d5 18. exd5 Nxd5 19. Ra3 Qd7 20. Qf3 Rbd8 21. Re1 f5 22.
Qh5 Nf6 23. Qe2 Bb7 24. Rb3 Ba8 25. Nb2 Kh7 26. Kh2 Na5 27. Rb5 Bxg2 28. Kxg2
Qc7 29. Qf3 g6 30. Ndc4 e4 31. dxe4 Nxc4 32. Nxc4 Nxe4 33. Nd2 a6 34. Rb2 Nd6
35. Rxe8 Rxe8 36. Nf1 Bg7 37. Bf4 Qe7 38. Bxd6 Qxd6 39. Rb7 Re7 40. Ne3 Rxb7 41.
Qxb7 Qe6 42. c4 Kg8 43. a5 Bd4 44. Qd5 Qxd5+ 45. Nxd5 Kf7 46. Nc7 Be5 47. Nd5
Ke6 48. Kf3 Kd6 49. Ke2 Bd4 50. f3 Be5 51. g4 fxg4 52. fxg4 h5 53. Kd3 hxg4 54.
hxg4 Bd4 55. Ke4 Be5 56. Kd3 Bg3 57. Ke2 Kd7 58. Nc3 Bc7 59. Ne4 Kc6 60. Kd3
Bxa5 61. Kc2 Bc7 62. Kb3 Be5 63. Ka4 Kb6 64. Nf2 Bd4 65. Nd3 Kc6 66. g5 Kd6 67.
Nf4 Be3 68. Nxg6 Bxg5 69. Ka5 Ke6 70. Kxa6 Kf5 71. Kb5 Kxg6 72. Kxc5 Be3+ 73.
Kd6 Bf2 74. c5 Bxc5+ 1/2-1/2

[Event "Women's Speed Chess Main"]
[Site "chess.com INT"]
[Date "2021.07.03"]
[Round "4.19"]
[White "Hou, Yifan"]
[Black "Harika, Dronavalli"]
[Result "0-1"]
[WhiteTitle "GM"]
[BlackTitle "GM"]
[WhiteElo "2658"]
[BlackElo "2515"]
[WhiteFideId "8602980"]
[BlackFideId "5015197"]
[EventDate "2021.06.12"]

1. e4 e5 2. Nf3 Nc6 3. Bc4 Nf6 4. d3 h6 5. O-O d6 6. c3 g5 7. Re1 Bg7 8. Nbd2 g4
9. Nh4 Nxe4 10. dxe4 Qxh4 11. Nf1 Qf6 12. Ne3 h5 13. b4 Be6 14. Bd5 a6 15. Qa4
Bd7 16. Qd1 Qg6 17. Bb3 h4 18. Nd5 Rc8 19. Be3 Ne7 20. Nxe7 Kxe7 21. c4 Bf6 22.
c5 g3 23. fxg3 hxg3 24. h3 Bxh3 25. gxh3 Rxh3 26. cxd6+ cxd6 27. Rc1 Qh7 28. Qg4
Rh1+ 29. Kg2 Rxc1 30. Rxc1 Qh2+ 31. Kf3 Rxc1 32. Qxg3 Rf1+ 33. Kg4 Qh7 34. Bf2
Qxe4+ 0-1

[Event "Women's Speed Chess Main"]
[Site "chess.com INT"]
[Date "2021.07.03"]
[Round "4.21"]
[White "Harika, Dronavalli"]
[Black "Hou, Yifan"]
[Result "1-0"]
[WhiteTitle "GM"]
[BlackTitle "GM"]
[WhiteElo "2515"]
[BlackElo "2658"]
[WhiteFideId "5015197"]
[BlackFideId "8602980"]
[EventDate "2021.06.12"]

1. d4 Nf6 2. c4 e6 3. Nc3 Bb4 4. Bd2 O-O 5. e3 b6 6. Nf3 Bb7 7. Rc1 d6 8. a3
Bxc3 9. Bxc3 Nbd7 10. Be2 Ne4 11. O-O f5 12. Be1 Rf7 13. Nd2 Nxd2 14. Bxd2 Qh4
15. f3 Rf6 16. Qe1 Qg5 17. Qg3 Qh6 18. Qf4 Qh5 19. Bc3 Raf8 20. c5 bxc5 21. dxc5
e5 22. Qc4+ d5 23. Qd3 Rh6 24. h3 Rg6 25. Kh1 Qg5 26. Rg1 Nxc5 27. Qb5 Qxe3 28.
Bb4 Rb6 29. Qxc5 Qxe2 30. Qxf8# 1-0